000 01419nam0a2200337 4500
001 RU\NLR\bibl\572065
005 20250610133253.0
010 _a5-7103-0997-4
_9100
021 _aRU
_b2004-58783
_92894
035 _a(NLR Aleph) 000564123
090 _a1551139
_c1551139
100 _a20041109d2004 |||y0rusy50 ca
101 0 _arus
102 _aRU
105 _aa |||||||||
200 1 _aКоррекционно-развивающие занятия с детьми второго года жизни в условиях дома ребенка
_eПракт. пособие
_fТ.М. Цаплина
210 _aСаранск
_cИзд-во Морд. ун-та
_d2004
215 _a27, [1] с.
_cил.
_d20
320 _aБиблиогр.: с. 22-24 (32 назв.)
606 0 _aПсихологическая служба в детском доме
_jРуководства, пособия и т.п.
_92192580
_3RU\NLR\auth\661317939
606 0 _aДетские дома
_jПрактические пособия
_xПсихологическая служба
_92192582
_3RU\NLR\auth\661317940
686 _aЮ984.0я7
700 1 _aЦаплина
_bТ. М.
_gТатьяна Михайловна
_4070
801 0 _aRU
_bNLR
_c20041109
_gPSBO
801 1 _aRU
_bNLR
_c20041109
830 _aАвт. по кн.
942 _cBOOK
980 _aNB
980 _aNBR